Eminem - Wszystkie piosenki - Statystyki

Ogólne statystyki
  • Ten quiz został rozwiązany 146 razy
  • Średni wynik to 29 z 224
Statystyki odpowiedzi
Tytuł piosenki % Poprawnych
The Real Slim Shady
75%
Godzilla
74%
Without Me
72%
Lose Yourself
71%
Rap God
69%
Stan
66%
Mockingbird
60%
Venom
59%
The Monster
56%
My Name Is
54%
Superman
52%
Till I Collapse
52%
Not Afraid
51%
Love The Way You Lie
50%
When I'm Gone
41%
Sing For The Moment
38%
Ass Like That
37%
The Way I Am
36%
Beautiful
34%
Kamikaze
34%
Cleanin' Out My Closet
32%
Just Lose It
32%
No Love
32%
Kill You
31%
White America
31%
Berzerk
30%
Kim
30%
Marsh
30%
FACK
29%
KILLSHOT
29%
River
27%
Business
26%
Hailie's Song
25%
Like Toy Soldier
25%
My Mom
24%
Soldier
24%
Role Model
22%
Lucky You
20%
My Dad's Gone Crazy
20%
3 a.m
19%
We Made You
19%
Space Bound
18%
Under The Influence
18%
Crack A Bottle
17%
Forever
17%
I'm Back
17%
Just Don't Give A Fuck
17%
Square Dance
17%
Still Don't Give A Fuck
17%
Walk On Water
17%
Big Weenie
16%
Deja Vu
16%
Gnat
16%
Higher
16%
Bitch Please II
15%
Darkness
15%
Fall
15%
Forgot About Dre
15%
Good Guy
15%
Guilty Conscience
15%
Puke
15%
Rain Man
15%
Rock Bottom
15%
Say Goodbye Hollywood
15%
Bad Guy
14%
Criminal
14%
Infinite
14%
Smack That
14%
25 To Life
13%
Cold Wind Blows
13%
Encore
13%
The Ringer
13%
When The Music Stops
13%
'97 Bonnie & Clyde
12%
Brain Damage
12%
Crazy In Love
12%
Evil Deeds
12%
Mosh
12%
Survival
12%
Underground
12%
Bad Meets Evil
11%
If I Had
11%
Not Alike
11%
Stay Wide Awake
11%
Alfred's Theme
10%
Cum On Everybody
10%
Drug Ballad
10%
Headlights
10%
Hello
10%
I'm Shady
10%
I Need A Doctor
10%
Insane
10%
Killer
10%
One Shot 2 Shot
10%
Arose
9%
Beautiful Pain
9%
Castle
9%
Drips
9%
Greatest
9%
Legacy
9%
Medicine Ball
9%
Never Enough
9%
Nice Guy
9%
On Fire
9%
Say What You Say
9%
Seduction
9%
So Bad
9%
Stepping Stone
9%
Won't Back Down
9%
W.T.P
9%
Yellow Brick Road
9%
Almost Famous
8%
Amityville
8%
Normal
8%
Elevator
8%
Evil Twin
8%
Going Through Changes
8%
Little Engine
8%
Must Be The Ganja
8%
Never Love Again
8%
Stepdad
8%
Unaccommodating
8%
Who Knew
8%
As The World Turns
7%
Bad Husband
7%
Framed
7%
My Darling
7%
Talkin' 2 Myself
7%
Yah Yah
7%
You Don't Know
7%
You're Never Over
7%
Zeus
7%
Farewell
6%
In Your Head
6%
Murder
6%
Music Box
6%
My Fault
6%
Offended
6%
Asshole
5%
Believe
5%
Black Magic
5%
Brainless
5%
Buffalo Bill
5%
Careful What You Wish For
5%
Discombobulated
5%
Guns Blazing
5%
Kings Never Die
5%
Love Game
5%
Old Time's Sake
5%
Rabbit Run
5%
Those Kinda Nights
5%
What's the Difference
5%
You Gon' Learn
5%
In Too Deep
4%
I Will
4%
Leaving Heaven
4%
No Apologies
4%
Taking My Ball
4%
Tone Deaf
4%
313
3%
Baby
3%
Book of Rhymes
3%
Cindarella Man
3%
Curtain Call
3%
Drop The Bomb On Em'
3%
Favorite Bitch
3%
Groundhog Day
3%
Hell Breaks Loose
3%
Like Home
3%
Lock It Up
3%
My 1st Single
3%
Nowhere Fast
3%
Remember Me?
3%
Remind Me
3%
Same Song & Dance
3%
Session One
3%
So Far
3%
So Much Better
3%
Spend Some Time
3%
Stronger Than I Was
3%
The Kids
3%
These Demons
3%
Tragic Endings
3%
Wicked Ways
3%
Backstabber
2%
Best Friend
2%
Chloraseptic
2%
Dead Wrong
2%
Die Alone
2%
Heat
2%
Jimmy Crack Corn
2%
Last One Standing
2%
Never 2 Far
2%
Open Mic
2%
Renegade
2%
Rhyme Or Reason
2%
Ridaz
2%
Searchin
2%
ShadyXV
2%
She Loves Me
2%
The Re-Up
2%
Tonite
2%
Untouchable
2%
Airplanes, Pt. II
1%
Detroit Vs. Everybody
1%
Drop The World
1%
It's Okay
1%
Jealousy Woes II
1%
Marshall Methers
1%
Need Me
1%
Snake That
1%
We're Back
1%
Badgipes From Baghdad
0%
Campain Speech
0%
Desparation
0%
Guts Over Me
0%
Maxine
0%
Phenomenom
0%
Psychopath Killer
0%
Public Enemy #1
0%
Right For Me
0%
Shit On You
0%
Twisted
0%
Untifled
0%
Nie znaleziono quizów pasujących do podanych kryteriów
Rozkład punktacji
Procent ludzi z każdym wynikiem
Percentyl według liczby udzielonych odpowiedzi
Twoja historia wyników
Nie rozwiązałeś tego quizu